Guangzhou City Quiz - Statistics

General Stats
  • This quiz has been taken 59 times
  • The average score is 9 of 20
Answer Stats
Hint Answer % Correct
Province in which Guangzhou is located Guangdong
100%
Tallest TV tower in China Canton Tower
96%
Dialect spoken in the province and surrounding areas Yue (Cantonese)
78%
River that flows through Guangzhou Pearl River
76%
Chinese revolutionary born in Guangzhou in 1866 Sun Yat-sen
64%
Mountain in the north of Guangzhou Baiyun Mountain
60%
Large zoo resort in southern Guangzhou Chimelong Safari Park
56%
Small dishes enjoyed for dessert at breakfast or lunch Dim Sum
53%
Small island known for colonial architecture Shamian Island
44%
Park in the city center with a granite statue of five goats Yuexiu Park
44%
University founded in Guangzhou by this man in 1924 Zhongshan University
40%
Military academy founded in Guangzhou by this man in 1924 Huangpu Military Academy
36%
Major square located near the Provincial Museum Huacheng Square
24%
Ancestral temple and academy built during the Qing Dynasty Ancestral Temple of the Chen Family
22%
Famous promenade in Guangzhou city center Beijing Road
20%
Ancient town of local architecture in southern Guangzhou Shawan Ancient Town
13%
Uprising planned by this man in Guangzhou in 1911 Huanghuagang Uprising
11%
Cooking method of roasting meat on spits over an open fire Siu Mei
11%
Temple named by Su Shi for the six banyans at its entrance Liurong Temple
9%
Classical park of local architecture in southern Guangzhou Baomo Garden
7%
No matching quizzes found
Score Distribution
Percent of People with Each Score
Percentile by Number Answered
Your Score History
You have not taken this quiz